Ôn thi Đại học môn Toán :
Quyển sách nhằm mục đích cung cấp kiến thức hữu ích cho học sinh tự ôn thi. Bên cạnh đó còn giúp cho giáo viên dạy toán hướng dẫn ôn thi đại học và cao đẳng đúng theo chương trình mới, quy định mới của Bộ Giáo dục và Đào tạo....
Đã lưu trong:
| Hovedforfatter: | |
|---|---|
| Format: | Bog |
| Sprog: | Undetermined |
| Udgivet: |
Tp. Hồ Chí Minh
Giáo dục Việt Nam
2010
|
| Fag: | |
| Tags: |
Tilføj Tag
Ingen Tags, Vær først til at tagge denne postø!
|
| Thư viện lưu trữ: | Trung tâm Học liệu Trường Đại học Cần Thơ |
|---|
| LEADER | 01068nam a2200217Ia 4500 | ||
|---|---|---|---|
| 001 | CTU_184791 | ||
| 008 | 210402s9999 xx 000 0 und d | ||
| 020 | |c 37500 | ||
| 082 | |a 510.76 | ||
| 082 | |b B105/T.2 | ||
| 100 | |a Phạm, Khắc Ban | ||
| 245 | 0 | |a Ôn thi Đại học môn Toán : | |
| 245 | 0 | |c Phạm Khắc Ban, Doãn Minh Cường, Phạm Minh Phương | |
| 260 | |a Tp. Hồ Chí Minh | ||
| 260 | |b Giáo dục Việt Nam | ||
| 260 | |c 2010 | ||
| 520 | |a Quyển sách nhằm mục đích cung cấp kiến thức hữu ích cho học sinh tự ôn thi. Bên cạnh đó còn giúp cho giáo viên dạy toán hướng dẫn ôn thi đại học và cao đẳng đúng theo chương trình mới, quy định mới của Bộ Giáo dục và Đào tạo. | ||
| 650 | |a Mathematics,Toán học | ||
| 650 | |x Study and teaching (secondary),Học và giảng dạy (trung học) | ||
| 904 | |i Nguyễn Thị Kiều Oanh | ||
| 980 | |a Trung tâm Học liệu Trường Đại học Cần Thơ | ||